| 000 | 00639nam a2200181Ia 4500 | ||
|---|---|---|---|
| 005 | 20260429112235.0 | ||
| 008 | 260429s9999||||xx |||||||||||||| ||und|| | ||
| 020 | _a9788196984922 | ||
| 041 | _aHindi | ||
| 082 |
_a891.434 _bCHA |
||
| 100 | _aचौहान, कर्ण सिंह | ||
| 245 | 0 |
_aबुल्गारिया : _bसमाजवादी स्वप्न का समापन / _cकर्ण सिंह चौहान |
|
| 250 | _a1st ed. | ||
| 260 |
_aनई दिल्ली : _bप्रकाशन संस्थान, _c2024. |
||
| 300 | _a320 p.; Hb | ||
| 650 | _aHindi essays | ||
| 942 | _cTB | ||
| 999 |
_c53068 _d53068 |
||